[Event "XIV Festival A"]
[Site "Porto San Giorgio ITA"]
[Date "2002.08.27"]
[Round "8"]
[White "Arlandi, Ennio"]
[Black "Esposito, Luca"]
[Result "1-0"]
[WhiteElo "2454"]
[BlackElo "2155"]
[PlyCount "139"]
[EventDate "2002.08.20"]

1. d4 Nf6 2. c4 e6 3. Nc3 Bb4 4. Qc2 O-O 5. a3 Bxc3+ 6. Qxc3 b6 7. Nf3 Bb7 8.
e3 Qe7 9. Be2 c5 10. b4 Rc8 11. dxc5 bxc5 12. Bb2 d5 13. b5 a6 14. a4 dxc4 15.
O-O Nbd7 16. Nd2 Nb6 17. Nxc4 Nxc4 18. Bxc4 axb5 19. axb5 Qf8 20. Rxa8 Rxa8 21.
Ra1 Rxa1+ 22. Bxa1 Nd7 23. f3 Bd5 24. Be2 e5 25. e4 Be6 26. Qa3 c4 27. Bb2 f6
28. Kf1 Qc5 29. Qxc5 Nxc5 30. b6 Kf7 31. Ke1 Ke8 32. Ba3 Nb7 33. Kd2 Kd7 34.
Kc3 Kc6 35. Bxc4 Bxc4 36. Kxc4 Na5+ 37. Kd3 Kxb6 38. Bf8 g6 39. Bg7 Kc5 40.
Bxf6 Kd6 41. Bg5 Nc6 42. Kc4 Nd4 43. Be3 Nc6 44. Bc5+ Ke6 45. Bb6 Kd6 46. Kb5
Nb8 47. Bc5+ Ke6 48. Ba7 Nd7 49. Kc6 Nf6 50. Be3 Ne8 51. Bg5 Nd6 52. Kc7 Nf7
53. Bc1 g5 54. h3 h5 55. g4 hxg4 56. hxg4 Ke7 57. Kc6 Ke6 58. Bd2 Nd8+ 59. Kc5
Nf7 60. Bc1 Kf6 61. Kd5 Nh8 62. Bb2 Ng6 63. Kd6 Kf7 64. Bxe5 Nh4 65. f4 gxf4
66. Bxf4 Ng6 67. Bg5 Nf8 68. Ke5 Ng6+ 69. Kf5 Nf8 70. Bf6 1-0

[Event "XIV Festival A"]
[Site "Porto San Giorgio ITA"]
[Date "2002.08.27"]
[Round "8"]
[White "Bruno, Fabio"]
[Black "De Vita, Igor"]
[Result "1-0"]
[WhiteElo "2296"]
[BlackElo "2160"]
[PlyCount "87"]
[EventDate "2002.08.20"]

1. d4 d5 2. Nf3 Nf6 3. e3 Bf5 4. c4 e6 5. Qb3 Qc8 6. Nc3 c6 7. Nh4 Bg6 8. Nxg6
hxg6 9. Bd3 Nbd7 10. e4 dxe4 11. Nxe4 Nxe4 12. Bxe4 Nf6 13. Bf3 Bd6 14. Be3 Qc7
15. g3 Qb6 16. Qc2 Qa5+ 17. Bd2 Bb4 18. h4 O-O-O 19. Bxb4 Qxb4+ 20. Qc3 Qxc3+
21. bxc3 e5 22. O-O-O Rhe8 23. Rhe1 exd4 24. Rxe8 Nxe8 25. Rxd4 Nd6 26. Rf4 f5
27. Kc2 c5 28. Bd5 Kd7 29. Rf3 Re8 30. Kd1 Re5 31. Rd3 Kc7 32. Kd2 b6 33. Re3
Rxd5+ 34. cxd5 Nc4+ 35. Kd3 Nxe3 36. Kxe3 Kd6 37. c4 Ke5 38. Kd3 a6 39. a4 Kd6
40. Kc3 Kc7 41. a5 Kb7 42. axb6 Kxb6 43. Kb3 f4 44. gxf4 1-0

[Event "XIV Festival A"]
[Site "Porto San Giorgio ITA"]
[Date "2002.08.27"]
[Round "8"]
[White "Bukal, Vladimir jr"]
[Black "Kohlweyer, Bernd"]
[Result "0-1"]
[WhiteElo "2405"]
[BlackElo "2452"]
[PlyCount "76"]
[EventDate "2002.08.20"]

1. d4 d5 2. Nc3 Nf6 3. Bg5 c5 4. e3 Nc6 5. Qd2 cxd4 6. exd4 Bf5 7. Nf3 e6 8.
Nh4 Bg6 9. Nxg6 hxg6 10. Be2 Rc8 11. O-O Qb6 12. Rfd1 Bb4 13. Qe3 Ne7 14. Nb5
Nc6 15. Nc3 Bxc3 16. bxc3 Na5 17. Rab1 Qc7 18. Bf4 Qd7 19. Bb5 Nc6 20. c4 dxc4
21. Bxc4 O-O 22. Bg5 Nd5 23. Qh3 Ncb4 24. Qb3 b5 25. Bxd5 Nxd5 26. Rd3 a6 27.
Bd2 Rc4 28. c3 Rfc8 29. Qa3 Qc6 30. h4 Ra4 31. Qb3 Qc4 32. Qxc4 Rcxc4 33. Rb2
Ra3 34. Rf3 Rca4 35. Kf1 Rxa2 36. Rxa2 Rxa2 37. Ke2 a5 38. Kd1 a4 0-1

[Event "XIV Festival A"]
[Site "Porto San Giorgio ITA"]
[Date "2002.08.27"]
[Round "8"]
[White "Campora Sivori, Daniel Hugo"]
[Black "Zufic, Miroslav"]
[Result "1-0"]
[WhiteElo "2522"]
[BlackElo "2349"]
[PlyCount "61"]
[EventDate "2002.08.20"]

1. e4 c5 2. Nc3 d6 3. f4 g6 4. Nf3 Bg7 5. Bb5+ Nc6 6. Bxc6+ bxc6 7. d3 Nf6 8.
O-O O-O 9. Qe1 Ne8 10. Bd2 Nc7 11. Kh1 f5 12. e5 Ne6 13. Ne2 Qd7 14. Bc3 Ba6
15. b3 d5 16. Rd1 Qb7 17. Qh4 Rad8 18. Ba5 Ra8 19. c4 d4 20. Ng5 Nxg5 21. Qxg5
Qd7 22. Ng1 e6 23. Nf3 Rfb8 24. Rg1 Bf8 25. Qh4 Bc8 26. g4 fxg4 27. Rxg4 Qe8
28. Rdg1 Rb7 29. Bd8 Be7 30. Bxe7 Qxe7 31. Rxg6+ 1-0

[Event "XIV Festival A"]
[Site "Porto San Giorgio ITA"]
[Date "2002.08.27"]
[Round "8"]
[White "Dragojlovic, Andjelko"]
[Black "Shytaj, Luca"]
[Result "0-1"]
[WhiteElo "2351"]
[BlackElo "2216"]
[PlyCount "52"]
[EventDate "2002.08.20"]

1. e4 c5 2. Nf3 d6 3. d4 cxd4 4. Nxd4 Nf6 5. f3 a6 6. c4 e6 7. Nc3 Be7 8. Be3
O-O 9. Qd2 Qc7 10. g4 Nc6 11. h4 Nd7 12. Nxc6 Qxc6 13. f4 Bf6 14. Bd3 Nc5 15.
Bxc5 Bxc3 16. Qxc3 Qxc5 17. O-O-O b5 18. cxb5 Qe3+ 19. Qd2 Qb6 20. h5 axb5 21.
a3 Ba6 22. Kb1 Rfb8 23. Qb4 Bb7 24. Bc2 Rc8 25. Qxd6 Qxd6 26. Rxd6 Rxc2 0-1

[Event "XIV Festival A"]
[Site "Porto San Giorgio ITA"]
[Date "2002.08.27"]
[Round "8"]
[White "Farago, Ivan"]
[Black "Sax, Gyula"]
[Result "1/2-1/2"]
[WhiteElo "2502"]
[BlackElo "2518"]
[PlyCount "26"]
[EventDate "2002.08.20"]

1. d4 Nf6 2. c4 e6 3. Nf3 b6 4. g3 Bb7 5. Bg2 Be7 6. O-O O-O 7. Nc3 Ne4 8. Nxe4
Bxe4 9. Nh4 Bxg2 10. Nxg2 d5 11. Qa4 dxc4 12. Qxc4 c5 13. dxc5 Bxc5 1/2-1/2

[Event "XIV Festival A"]
[Site "Porto San Giorgio ITA"]
[Date "2002.08.27"]
[Round "8"]
[White "Fercec, Nenad"]
[Black "Popchev, Milko"]
[Result "1/2-1/2"]
[WhiteElo "2494"]
[BlackElo "2419"]
[PlyCount "24"]
[EventDate "2002.08.20"]

1. e4 g6 2. d4 Bg7 3. Nc3 c6 4. Be3 d5 5. Qd2 dxe4 6. Nxe4 Nd7 7. O-O-O Ngf6 8.
Nxf6+ Nxf6 9. Bc4 O-O 10. h4 Ne4 11. Qe1 Nd6 12. Bb3 a5 1/2-1/2

[Event "XIV Festival A"]
[Site "Porto San Giorgio ITA"]
[Date "2002.08.27"]
[Round "8"]
[White "Ferri, Stefano"]
[Black "Rubino, Aniello"]
[Result "1/2-1/2"]
[WhiteElo "2083"]
[BlackElo "2163"]
[PlyCount "26"]
[EventDate "2002.08.20"]

1. d4 Nf6 2. Nf3 d5 3. g3 c6 4. Bg2 Nbd7 5. O-O e6 6. c4 Bd6 7. b3 O-O 8. Nc3
Re8 9. Bf4 Qc7 10. e3 dxc4 11. bxc4 e5 12. c5 exf4 13. cxd6 Qxd6 1/2-1/2

[Event "XIV Festival A"]
[Site "Porto San Giorgio ITA"]
[Date "2002.08.27"]
[Round "8"]
[White "Laketic, Gojko"]
[Black "Ortega, Lexy"]
[Result "0-1"]
[WhiteElo "2448"]
[BlackElo "2467"]
[PlyCount "54"]
[EventDate "2002.08.20"]

1. d4 d5 2. c4 c6 3. Nf3 dxc4 4. e4 b5 5. a4 e6 6. b3 Bb4+ 7. Bd2 Bxd2+ 8. Qxd2
cxb3 9. axb5 Nf6 10. Nc3 O-O 11. Qb2 Bb7 12. e5 Nd5 13. Qxb3 cxb5 14. Bxb5 Nf4
15. Be2 Nxe2 16. Nxe2 Bd5 17. Qe3 Nc6 18. Rd1 Rb8 19. O-O Rb3 20. Rd3 Rxd3 21.
Qxd3 Bxf3 22. Qxf3 Nxd4 23. Nxd4 Qxd4 24. Qa3 Rc8 25. h3 h6 26. Ra1 Rc5 27. Re1
a5 0-1

[Event "XIV Festival A"]
[Site "Porto San Giorgio ITA"]
[Date "2002.08.27"]
[Round "8"]
[White "Lazarev, Vladimir"]
[Black "Rotstein, Arkadij"]
[Result "0-1"]
[WhiteElo "2458"]
[BlackElo "2557"]
[PlyCount "82"]
[EventDate "2002.08.20"]

1. d4 Nf6 2. c4 e6 3. Nc3 Bb4 4. Qc2 c5 5. dxc5 O-O 6. a3 Bxc5 7. Nf3 b6 8. Bf4
Bb7 9. Rd1 Nc6 10. e3 Nh5 11. Bg5 Be7 12. Bxe7 Qxe7 13. Nb5 Na5 14. Nd6 Bxf3
15. gxf3 Rab8 16. f4 Nb7 17. Nb5 a6 18. Nc3 Nf6 19. Be2 Rfc8 20. b4 d5 21. cxd5
Qc7 22. Rc1 Nxd5 23. Kd2 Qe7 24. Qb3 Nd6 25. f3 Nxc3 26. Rxc3 Rxc3 27. Qxc3 Rd8
28. Bd3 Nb5 29. Qb3 Qf6 30. Ke2 Nc3+ 31. Kd2 Nd5 32. Ke2 b5 33. Qc2 g6 34. h4
h5 35. Be4 Qc3 36. Qc1 Qb3 37. Bxd5 Rxd5 38. Kf2 Rd3 39. Qc5 Qb2+ 40. Kg3 Qe2
41. Qc8+ Kg7 0-1

[Event "XIV Festival A"]
[Site "Porto San Giorgio ITA"]
[Date "2002.08.27"]
[Round "8"]
[White "Malloni, Marcello"]
[Black "Facchetti, Gianni"]
[Result "1-0"]
[WhiteElo "2261"]
[BlackElo "2154"]
[PlyCount "119"]
[EventDate "2002.08.20"]

1. e4 e5 2. Nc3 Nf6 3. Bc4 Be7 4. d3 d6 5. f4 O-O 6. Nf3 exf4 7. Bxf4 c6 8. Bb3
Na6 9. d4 d5 10. exd5 Nxd5 11. Nxd5 cxd5 12. O-O Be6 13. Qd2 Nc7 14. Rae1 Ne8
15. Ng5 Bxg5 16. Bxg5 Qd7 17. c3 Nd6 18. Bc2 f5 19. Bf4 Ne4 20. Qe2 Rae8 21.
Bd3 a6 22. Be5 Rf7 23. Rc1 Rc8 24. Qe3 Qe7 25. Rc2 Rcf8 26. Qe2 Qh4 27. g3 Qg5
28. Kh1 Qh6 29. Qe1 Qh5 30. Rg2 f4 31. gxf4 Bh3 32. Bxe4 dxe4 33. Qxe4 Bxg2+
34. Qxg2 Qg6 35. Qxg6 hxg6 36. Rg1 Kh7 37. c4 Rd8 38. Rg3 Rf5 39. Kg2 Rd7 40.
Kf3 Rh5 41. h3 Rf5 42. Ke4 Rf8 43. b4 Rc8 44. c5 Rcd8 45. a4 Ra8 46. d5 Rc8 47.
Kd4 Re8 48. d6 Rc8 49. Kd5 Kh6 50. Ke6 Rcd8 51. b5 axb5 52. axb5 Kh7 53. Rg4 g5
54. Rxg5 g6 55. c6 bxc6 56. bxc6 Ra7 57. d7 Raa8 58. c7 Rf8 59. Ke7 Rg8 60. Rg4
1-0

[Event "XIV Festival A"]
[Site "Porto San Giorgio ITA"]
[Date "2002.08.27"]
[Round "8"]
[White "Naumkin, Igor"]
[Black "Roeder, Matthias"]
[Result "1/2-1/2"]
[WhiteElo "2436"]
[BlackElo "2485"]
[PlyCount "29"]
[EventDate "2002.08.20"]

1. d4 Nf6 2. Nf3 e6 3. c4 b6 4. g3 Ba6 5. b3 Bb4+ 6. Bd2 Bxd2+ 7. Qxd2 c6 8.
Bg2 d5 9. O-O O-O 10. Na3 Nbd7 11. Rac1 Qe7 12. Qb2 Rfc8 13. Rfd1 b5 14. cxb5
cxb5 15. b4 1/2-1/2

[Event "XIV Festival A"]
[Site "Porto San Giorgio ITA"]
[Date "2002.08.27"]
[Round "8"]
[White "Palac, Mladen"]
[Black "Mrdja, Milan"]
[Result "1-0"]
[WhiteElo "2564"]
[BlackElo "2370"]
[PlyCount "81"]
[EventDate "2002.08.20"]

1. e4 d6 2. d4 Nf6 3. Nc3 Nbd7 4. f4 e5 5. Nf3 exd4 6. Qxd4 c6 7. Be3 d5 8. e5
Ng4 9. Bg1 Bc5 10. Qd2 Bxg1 11. Rxg1 Qb6 12. O-O-O Qe3 13. h3 Qxd2+ 14. Rxd2
Ne3 15. Bd3 Nc5 16. Re1 Nxd3+ 17. cxd3 Nf5 18. g4 Ne7 19. f5 Bd7 20. f6 Ng6 21.
fxg7 Rg8 22. Ne2 Rxg7 23. Ng3 Nf4 24. Rf1 O-O-O 25. Ng1 Ng6 26. Nh5 Rgg8 27. d4
Be6 28. Nf3 h6 29. Ne1 c5 30. Rc2 c4 31. Nd3 b6 32. Rf6 Rde8 33. Ndf4 Re7 34.
Ng2 Kb7 35. Ne3 Rd7 36. Rcf2 Rh8 37. Ng7 Nf8 38. Nxe6 Nxe6 39. Rxf7 Rhd8 40.
Rxd7+ Rxd7 41. Rf6 1-0

[Event "XIV Festival A"]
[Site "Porto San Giorgio ITA"]
[Date "2002.08.27"]
[Round "8"]
[White "Safranska, Anda"]
[Black "Ronchetti, Niccolo'"]
[Result "1-0"]
[WhiteElo "2309"]
[BlackElo "2117"]
[PlyCount "81"]
[EventDate "2002.08.20"]

1. e4 c5 2. Nf3 Nc6 3. Bb5 e6 4. O-O Nge7 5. Re1 a6 6. Bxc6 Nxc6 7. d4 cxd4 8.
Nxd4 Qc7 9. Nxc6 Qxc6 10. Nc3 Be7 11. Qg4 Bf8 12. Bf4 b5 13. Nd5 d6 14. Qe2 Qb7
15. Nc3 b4 16. Nd1 Be7 17. a3 O-O 18. axb4 Qxb4 19. c3 Qc5 20. Ne3 Bb7 21. Qd3
Rfd8 22. Rad1 a5 23. Kh1 Bc6 24. f3 Bb5 25. c4 Bc6 26. Nc2 Be8 27. b3 Rac8 28.
Be3 Qc7 29. Na3 Bc6 30. Nb5 Bxb5 31. cxb5 Bf6 32. Rc1 Qb7 33. b6 Bb2 34. Rxc8
Qxc8 35. Qb5 Qc2 36. Rg1 Rb8 37. Qxa5 Qxb3 38. Qa7 Rf8 39. b7 d5 40. Bc5 Re8
41. Bd6 1-0

[Event "XIV Festival A"]
[Site "Porto San Giorgio ITA"]
[Date "2002.08.27"]
[Round "8"]
[White "Santoro, Alessandro"]
[Black "Friedrich, Norbert"]
[Result "0-1"]
[WhiteElo "2050"]
[BlackElo "2296"]
[PlyCount "100"]
[EventDate "2002.08.20"]

1. e4 c5 2. Nf3 Nc6 3. c4 e5 4. Be2 d6 5. h3 g6 6. Nc3 Bg7 7. d3 Nge7 8. Bd2 h6
9. a3 O-O 10. Nd5 a5 11. Rb1 Bd7 12. b3 f5 13. O-O Kh7 14. Nxe7 Qxe7 15. Ne1
Nd4 16. Nc2 Qh4 17. Nxd4 cxd4 18. f3 h5 19. Qc1 f4 20. Be1 Qe7 21. Rf2 Bf6 22.
Bf1 Bh4 23. Rfb2 Bxe1 24. Qxe1 g5 25. Kf2 g4 26. hxg4 hxg4 27. Ke2 Kg6 28. Kd1
g3 29. Kc1 Rh8 30. Rc2 Rh1 31. Kb2 Rg1 32. Re2 Kf6 33. Qd2 Qd8 34. a4 Qc7 35.
Rc1 Qc5 36. Ra1 Ra6 37. Ree1 Rb6 38. Kc2 Ke7 39. Red1 Rb4 40. Qe1 Kd8 41. Rdc1
Kc7 42. Rd1 Qb6 43. Rdb1 Kc6 44. Qe2 Kc5 45. Qe1 Qd8 46. Qe2 Qh4 47. Re1 Qh2
48. Red1 Bh3 49. Rd2 Bxg2 50. Rad1 Bxf1 0-1

[Event "XIV Festival A"]
[Site "Porto San Giorgio ITA"]
[Date "2002.08.27"]
[Round "8"]
[White "Scacco, Mauro"]
[Black "Rigo, Janos"]
[Result "0-1"]
[WhiteElo "2070"]
[BlackElo "2303"]
[PlyCount "66"]
[EventDate "2002.08.20"]

1. e4 c5 2. Nf3 Nc6 3. Bb5 e6 4. Bxc6 bxc6 5. O-O d5 6. d3 Nf6 7. Nc3 Rb8 8.
Re1 Be7 9. b3 O-O 10. Bf4 Rb4 11. a3 Rb7 12. h3 Qa5 13. Qd2 Kh8 14. Ne5 Qa6 15.
g4 Ne8 16. Na4 f6 17. Nf3 e5 18. Bg3 c4 19. Qc3 cxb3 20. Nc5 d4 21. Nxd4 exd4
22. Qxd4 Bxc5 23. Qxc5 Rg8 24. cxb3 Rxb3 25. e5 Rxd3 26. Rab1 Rd5 27. Qe7 Rd7
28. Qc5 Rb7 29. Rxb7 Qxb7 30. e6 Qb6 31. Qe7 c5 32. g5 Bb7 33. Re3 Qb1+ 0-1

[Event "XIV Festival A"]
[Site "Porto San Giorgio ITA"]
[Date "2002.08.27"]
[Round "8"]
[White "Schaefer, Michael"]
[Black "Todorov, Ognjan"]
[Result "1/2-1/2"]
[WhiteElo "2170"]
[BlackElo "2376"]
[PlyCount "76"]
[EventDate "2002.08.20"]

1. d4 d5 2. c4 dxc4 3. Nf3 Nf6 4. e3 Bg4 5. Bxc4 e6 6. h3 Bh5 7. O-O Nbd7 8.
Nc3 Bb4 9. Bd2 O-O 10. Be2 c5 11. a3 cxd4 12. axb4 dxc3 13. bxc3 Nb6 14. Ra2 a6
15. Qb3 Rc8 16. Rc1 Ne4 17. Be1 Ng5 18. Rd2 Qf6 19. Nxg5 Qxg5 20. Bxh5 Qxh5 21.
c4 Rfd8 22. Rxd8+ Rxd8 23. b5 Nc8 24. bxa6 bxa6 25. Qa4 Qc5 26. Qxa6 Ne7 27.
Qb5 Qc8 28. Ba5 Rd7 29. c5 Nc6 30. Bc3 h6 31. Qc4 Rd5 32. e4 Rd7 33. Rb1 Qd8
34. Qb5 Rd1+ 35. Rxd1 Qxd1+ 36. Kh2 Qc1 37. Qxc6 Qf4+ 38. Kg1 Qc1+ 1/2-1/2

[Event "XIV Festival A"]
[Site "Porto San Giorgio ITA"]
[Date "2002.08.27"]
[Round "8"]
[White "Zaja, Ivan"]
[Black "Cocchi, Andrea"]
[Result "1/2-1/2"]
[WhiteElo "2459"]
[BlackElo "2281"]
[PlyCount "113"]
[EventDate "2002.08.20"]

1. d4 b5 2. e4 Bb7 3. Nd2 a6 4. a4 d5 5. axb5 dxe4 6. bxa6 Qxd4 7. c3 Qd6 8.
Qb3 Qb6 9. Qxb6 cxb6 10. Bb5+ Bc6 11. Bxc6+ Nxc6 12. Nxe4 f5 13. Ng5 Nf6 14.
N1f3 e5 15. O-O Bd6 16. Rd1 Bb8 17. Ne6 Kf7 18. Nfg5+ Kg6 19. f4 Re8 20. fxe5
Bxe5 21. Nd4 Bxd4+ 22. cxd4 Nd5 23. Nf3 Ncb4 24. Ne5+ Kf6 25. Bd2 Rxa6 26. Bxb4
Rxa1 27. Rxa1 Nxb4 28. Nd7+ Ke6 29. Nxb6 Rb8 30. Re1+ Kd6 31. Nc4+ Kd5 32. Ne3+
Ke4 33. Nc2+ Kd3 34. Nxb4+ Rxb4 35. d5 Rxb2 36. d6 Rb8 37. Re7 g6 38. d7 Rd8
39. Rxh7 Ke4 40. Kf2 g5 41. Kg3 Ke5 42. h4 gxh4+ 43. Kxh4 Kf6 44. Kh5 Rg8 45.
Rh6+ Ke5 46. Ra6 Rd8 47. Ra7 Kf6 48. Kh4 Rg8 49. Ra4 Ke5 50. Kh5 Kf6 51. Ra6+
Ke5 52. g3 Rd8 53. Kg6 Rxd7 54. Ra5+ Ke4 55. Rxf5 Rg7+ 56. Kxg7 Kxf5 57. g4+
1/2-1/2

[Event "XIV Festival A"]
[Site "Porto San Giorgio ITA"]
[Date "2002.08.28"]
[Round "9"]
[White "Baldazzi, Stefano"]
[Black "Safranska, Anda"]
[Result "0-1"]
[WhiteElo "2149"]
[BlackElo "2309"]
[PlyCount "134"]
[EventDate "2002.08.20"]

1. c4 Nf6 2. g3 g6 3. Bg2 d6 4. Nc3 Bg7 5. e4 c5 6. Nge2 O-O 7. O-O Nc6 8. d3
Ne8 9. Be3 Nc7 10. d4 cxd4 11. Nxd4 Ne5 12. b3 Bd7 13. h3 a6 14. Rc1 Rb8 15. f4
Nc6 16. Nxc6 Bxc6 17. Bb6 Qd7 18. Nd5 Na8 19. Bd4 e5 20. Be3 f5 21. Kh2 Rbe8
22. Qd3 Nc7 23. Rcd1 exf4 24. Bxf4 Bxd5 25. exd5 Kh8 26. Rde1 b6 27. b4 h6 28.
h4 Rf7 29. Be3 Rb8 30. Bd4 Ne8 31. h5 g5 32. Re6 Kg8 33. Bxg7 Nxg7 34. Rxh6 Qe7
35. Rf2 Rf6 36. Re2 Qf7 37. Rxf6 Qxf6 38. Qe3 Re8 39. Qf2 Re4 40. Qxb6 Rxc4 41.
Qb8+ Kh7 42. Qa7 f4 43. Qf2 fxg3+ 44. Qxg3 Rh4+ 45. Kg1 Qd4+ 46. Qf2 Qxb4 47.
Rb2 Qc3 48. Qc2+ Qxc2 49. Rxc2 Nxh5 50. Rc7+ Kg6 51. Rc6 Ra4 52. Bf1 a5 53.
Bd3+ Kf6 54. Rxd6+ Ke5 55. Rg6 Rg4+ 56. Kf1 Nf4 57. Be2 Nxg6 58. Bxg4 Kxd5 59.
Ke2 Kd4 60. Bf5 Ne5 61. Kf2 a4 62. a3 Kc3 63. Ke3 Nc4+ 64. Kf3 Nxa3 65. Bd7 Nb5
66. Kg4 a3 67. Be6 Nd4 0-1

[Event "XIV Festival A"]
[Site "Porto San Giorgio ITA"]
[Date "2002.08.28"]
[Round "9"]
[White "Barsov, Alexei"]
[Black "Anceschi, Vittorio"]
[Result "1-0"]
[WhiteElo "2550"]
[BlackElo "2276"]
[PlyCount "41"]
[EventDate "2002.08.20"]

1. d4 f5 2. g3 Nf6 3. Bg2 g6 4. Nh3 Bg7 5. Nf4 e6 6. h4 Qe7 7. h5 Qf7 8. c3 c6
9. Nd2 d6 10. Nc4 Kd7 11. Nd3 Ne8 12. h6 Bf6 13. Nde5+ Bxe5 14. dxe5 d5 15. Bg5
Kc7 16. Qd4 Nd7 17. Nd6 Qf8 18. c4 Nxd6 19. exd6+ Kb8 20. cxd5 exd5 21. Bxd5
1-0

[Event "XIV Festival A"]
[Site "Porto San Giorgio ITA"]
[Date "2002.08.28"]
[Round "9"]
[White "Campora Sivori, Daniel Hugo"]
[Black "Miezis, Normunds"]
[Result "1/2-1/2"]
[WhiteElo "2522"]
[BlackElo "2510"]
[PlyCount "88"]
[EventDate "2002.08.20"]

1. e4 c5 2. Nf3 e6 3. d4 cxd4 4. Nxd4 a6 5. Bd3 Nc6 6. Nxc6 dxc6 7. Nd2 e5 8.
Qh5 Bd6 9. Nc4 Nf6 10. Nxd6+ Qxd6 11. Qe2 Be6 12. O-O O-O 13. b3 Nd7 14. Rd1
Qe7 15. a4 Rfe8 16. a5 Rac8 17. Ba3 Qg5 18. Qd2 Qxd2 19. Rxd2 c5 20. f3 Nf8 21.
Rb1 Red8 22. Kf2 f6 23. Ke3 Bf7 24. Bf1 Ne6 25. Rxd8+ Rxd8 26. Bd3 Nf4 27. g3
Nxd3 28. cxd3 Rc8 29. f4 Rc6 30. Rc1 Bxb3 31. Bxc5 Ba4 32. f5 Bb5 33. g4 Rc8
34. h4 Kf7 35. g5 Rc7 36. Rc3 Rc8 37. Rc1 Rc7 38. gxf6 gxf6 39. d4 exd4+ 40.
Kxd4 Rd7+ 41. Ke3 Rc7 42. h5 h6 43. Kf3 Rc8 44. Ke3 Rc7 1/2-1/2

[Event "XIV Festival A"]
[Site "Porto San Giorgio ITA"]
[Date "2002.08.28"]
[Round "9"]
[White "Cocchi, Andrea"]
[Black "Aldrovandi, Costantino"]
[Result "0-1"]
[WhiteElo "2281"]
[BlackElo "2414"]
[PlyCount "94"]
[EventDate "2002.08.20"]

1. Nf3 g6 2. c4 Bg7 3. Nc3 d6 4. g3 Nf6 5. Bg2 O-O 6. O-O c6 7. d3 Be6 8. Bd2
h6 9. b4 Qc8 10. b5 Bh3 11. Rb1 Bxg2 12. Kxg2 c5 13. e4 Nbd7 14. Nh4 a6 15. a4
b6 16. f4 Qb7 17. Kg1 e6 18. Ng2 Ne8 19. f5 Ne5 20. fxe6 fxe6 21. Rxf8+ Bxf8
22. Qe2 Bg7 23. Nf4 Qd7 24. h3 Nf6 25. Bc1 g5 26. Ng2 axb5 27. axb5 d5 28. exd5
exd5 29. g4 Re8 30. cxd5 Nxd5 31. Ne4 Nb4 32. Ne3 Nexd3 33. Nf5 Qe6 34. Nfg3
Be5 35. Qf3 Bxg3 36. Nf6+ Kh8 37. Nxe8 Bf2+ 38. Kh2 Qe5+ 39. Bf4 Nxf4 40. Qxf2
Nfd3+ 41. Qg3 Qxe8 42. Kg1 Nf4 43. Qf3 Nbd5 44. Kf2 c4 45. Ra1 Qe7 46. Kf1 c3
47. Re1 Qb4 0-1

[Event "XIV Festival A"]
[Site "Porto San Giorgio ITA"]
[Date "2002.08.28"]
[Round "9"]
[White "Efimov, Igor"]
[Black "Baquero, Luis A."]
[Result "1-0"]
[WhiteElo "2463"]
[BlackElo "2275"]
[PlyCount "61"]
[EventDate "2002.08.20"]

1. d4 Nf6 2. c4 g6 3. Nc3 Bg7 4. e4 d6 5. f3 O-O 6. Bg5 c5 7. d5 h6 8. Be3 e6
9. Nge2 exd5 10. cxd5 Nbd7 11. Ng3 h5 12. Be2 Ne5 13. O-O Nh7 14. Qd2 h4 15.
Nh1 f5 16. Nf2 Qf6 17. f4 Ng4 18. Nxg4 fxg4 19. Bc4 g3 20. h3 b6 21. e5 dxe5
22. d6+ Be6 23. Nd5 Bxd5 24. Bxd5+ Kh8 25. Bxa8 Rxa8 26. Rad1 e4 27. Qd5 Rd8
28. f5 gxf5 29. Rxf5 Qxb2 30. Qxe4 Qe2 31. Rd2 1-0

[Event "XIV Festival A"]
[Site "Porto San Giorgio ITA"]
[Date "2002.08.28"]
[Round "9"]
[White "Esposito, Luca"]
[Black "Voltolini, Giuseppe"]
[Result "1/2-1/2"]
[WhiteElo "2155"]
[BlackElo "2285"]
[PlyCount "111"]
[EventDate "2002.08.20"]

1. d4 d5 2. c4 c6 3. Nc3 Nf6 4. cxd5 cxd5 5. Bf4 Nc6 6. e3 a6 7. Bd3 Bg4 8.
Nge2 e6 9. a3 Be7 10. O-O O-O 11. f3 Bh5 12. Rc1 Nd7 13. b4 Nb6 14. Na4 Nxa4
15. Qxa4 Qd7 16. Rfd1 f5 17. Bg3 g5 18. Bf2 Bd6 19. Ng3 Bg6 20. Qc2 Bxb4 21.
axb4 Nxb4 22. Qb3 Nxd3 23. Rxd3 f4 24. Rdc3 fxg3 25. Bxg3 Rfc8 26. Rc7 Rxc7 27.
Rxc7 Qb5 28. Qxb5 axb5 29. Rxb7 Ra1+ 30. Kf2 Ra2+ 31. Ke1 Bd3 32. Be5 Rxg2 33.
e4 dxe4 34. fxe4 Bxe4 35. Rxb5 Kf7 36. Rb3 Ra2 37. Re3 Bd5 38. Re2 Ra1+ 39. Kf2
Kg6 40. Re1 Ra4 41. Rc1 h5 42. Rc7 Kf5 43. Rh7 Ra2+ 44. Ke3 Bc4 45. Rf7+ Kg4
46. Rf2 Ra3+ 47. Kd2 Bd5 48. Rf7 h4 49. Rg7 Kf5 50. Rf7+ Ke4 51. Rg7 Ra2+ 52.
Kc3 Rg2 53. Rf7 Ke3 54. Rf8 Rf2 55. Rxf2 Kxf2 56. Bf6 1/2-1/2

[Event "XIV Festival A"]
[Site "Porto San Giorgio ITA"]
[Date "2002.08.28"]
[Round "9"]
[White "Friedrich, Norbert"]
[Black "Laketic, Gojko"]
[Result "1/2-1/2"]
[WhiteElo "2296"]
[BlackElo "2448"]
[PlyCount "68"]
[EventDate "2002.08.20"]

1. e4 Nf6 2. e5 Nd5 3. d4 d6 4. c4 Nb6 5. exd6 cxd6 6. Nc3 g6 7. Be3 Bg7 8. Rc1
O-O 9. b3 h6 10. Qd2 Kh7 11. d5 e5 12. dxe6 Bxe6 13. Nf3 Nc6 14. Be2 d5 15.
Bxb6 Qxb6 16. Nxd5 Bxd5 17. cxd5 Rad8 18. O-O Nd4 19. Nxd4 Rxd5 20. Bf3 Rxd4
21. Qc2 Rd7 22. Rfd1 Bd4 23. h4 Kg7 24. Rd2 h5 25. Rcd1 Rfd8 26. g3 Rd6 27. Kg2
R8d7 28. Rd3 Qd8 29. R1d2 Qf6 30. Qd1 b5 31. Bc6 Rxc6 32. Rxd4 Rxd4 33. Rxd4
Ra6 34. Rd2 b4 1/2-1/2

[Event "XIV Festival A"]
[Site "Porto San Giorgio ITA"]
[Date "2002.08.28"]
[Round "9"]
[White "Glek, Igor V."]
[Black "Farago, Ivan"]
[Result "1/2-1/2"]
[WhiteElo "2590"]
[BlackElo "2502"]
[PlyCount "136"]
[EventDate "2002.08.20"]

1. e4 e6 2. d4 d5 3. Nd2 c5 4. Ngf3 Nc6 5. exd5 exd5 6. Bb5 Bd6 7. dxc5 Bxc5 8.
O-O Nge7 9. c4 O-O 10. Nb3 Bd6 11. c5 Bc7 12. Bg5 f6 13. Bh4 Bg4 14. Re1 Be5
15. Qd2 Bxf3 16. gxf3 Nf5 17. Bg3 Nfd4 18. Nxd4 Nxd4 19. Qd3 Qa5 20. a4 a6 21.
f4 axb5 22. fxe5 fxe5 23. Re3 Rae8 24. Kg2 bxa4 25. Bxe5 Ne6 26. Bd6 Qb4 27.
Qxd5 Rf6 28. Rae1 h6 29. R1e2 Kh7 30. Re4 Rg6+ 31. Bg3 Qb3 32. Qxb3 axb3 33.
R2e3 Rf6 34. Re5 g5 35. Rxb3 Re7 36. Rb6 Kg6 37. b4 Kf7 38. Re3 h5 39. Be5 Rf5
40. Bd6 Rd7 41. h3 Rf6 42. Rf3 Nf4+ 43. Bxf4 Rxb6 44. cxb6 gxf4 45. Rxf4+ Kg6
46. h4 Rd6 47. Kf3 Rxb6 48. Ke3 Rc6 49. Kd4 b5 50. Ke5 Rc2 51. Kd5 Rc8 52. f3
Rc3 53. Ke5 Rc1 54. Rf6+ Kg7 55. Rb6 Rh1 56. f4 Rxh4 57. Rb7+ Kh6 58. Rb6+ Kg7
59. Kf5 Rh1 60. Rb7+ Kh6 61. Rb8 Kg7 62. Kg5 h4 63. Rb7+ Kg8 64. Rb8+ Kf7 65.
Rb7+ Kg8 66. Rxb5 h3 67. Kf6 Rf1 68. Rg5+ Kf8 1/2-1/2

[Event "XIV Festival A"]
[Site "Porto San Giorgio ITA"]
[Date "2002.08.28"]
[Round "9"]
[White "Kohlweyer, Bernd"]
[Black "Colovic, Aleksandar"]
[Result "1/2-1/2"]
[WhiteElo "2452"]
[BlackElo "2370"]
[PlyCount "25"]
[EventDate "2002.08.20"]

1. Nf3 d5 2. d4 e6 3. c4 dxc4 4. e3 a6 5. Bxc4 Nf6 6. O-O c5 7. dxc5 Qxd1 8.
Rxd1 Bxc5 9. b3 b6 10. Bb2 Bb7 11. Nbd2 Nbd7 12. Be2 Ke7 13. Rac1 1/2-1/2

[Event "XIV Festival A"]
[Site "Porto San Giorgio ITA"]
[Date "2002.08.28"]
[Round "9"]
[White "Mrdja, Milan"]
[Black "Malloni, Marcello"]
[Result "1-0"]
[WhiteElo "2370"]
[BlackElo "2261"]
[PlyCount "77"]
[EventDate "2002.08.20"]

1. e4 e6 2. d4 d5 3. Nc3 Bb4 4. e5 c5 5. a3 Bxc3+ 6. bxc3 Ne7 7. Qg4 Kf8 8. Qd1
Qa5 9. Bd2 Qa4 10. Qb1 c4 11. Nf3 Nbc6 12. g3 h6 13. Bh3 Ke8 14. O-O Kd8 15.
Ne1 Kc7 16. Ng2 Bd7 17. Qc1 Raf8 18. Re1 Kb8 19. Ne3 Ka8 20. Nd1 Rhg8 21. Re2
Rh8 22. Nb2 Qa5 23. Qe1 Nc8 24. f3 Nb6 25. a4 Ne7 26. Rf2 Nxa4 27. Nxa4 Bxa4
28. Bc1 Rb8 29. Ba3 Nc8 30. f4 g6 31. g4 Qd8 32. f5 g5 33. fxe6 fxe6 34. Bg2
Bd7 35. Qc1 b6 36. Qf1 Rb7 37. Rf8 Rxf8 38. Qxf8 Be8 39. Qxh6 1-0